| 000 | 00926nam a22001937a 4500 | ||
|---|---|---|---|
| 999 |
_c59136 _d59136 |
||
| 003 | Ge_BSU | ||
| 005 | 20221130104915.0 | ||
| 008 | 221130s1984ge xxu||||| |||| 00| 0 geo d | ||
| 041 | _ageo | ||
| 080 | _a821.353.1+821.353-31 ა-13 | ||
| 100 |
_aაბაშიძე, გრიგოლ, 1914-1994. _916221 |
||
| 245 |
_aთხზულებანი : 3 _bტომად. ტ. 2, ლაშარელა. დიდი ღამე : [რომანები] / _c გრიგოლ აბაშიძე, რედ. ზ.კილაძე |
||
| 250 | _aმე-2 გამოცემა. | ||
| 264 |
_aთბილისი : _bსაბჭოთა საქართველო, _c1984. |
||
| 300 |
_a860 გვ. _b23 სმ. |
||
| 653 | _aლაშარელა. დიდი ღამე : [რომანები] | ||
| 700 |
_aკილაძე, ზ _eრედაქტორი _916222 |
||
| 942 |
_2udc _cBK |
||